000 00420nam a2200181Ia 4500
008 210210b1989 xxu||||| |||| 00| 0 eng d
082 _a591 GHOT
100 _aGHOSE (K C)
245 _aTextbook of zoology.
260 _aCalcutta
_bNew Central Book Agency
_c1989
300 _a360,xvi
650 _azoology.
650 _aTextbook
650 _aof
690 _aZoology
700 _aMANNA (B).
906 _a046957
999 _c96498
_d96498